Código Aeronáutico: edición oficial, aprobada por Decreto Exento Nº 3653, de 17 de noviembre de 2015, del Ministerio de Justicia
Сохранить в:
| Соавтор: | |
|---|---|
| Формат: | |
| Язык: | испанский |
| Опубликовано: |
Santiago, Chile:
Jurídica,
2016
|
| Редактирование: | Séptima Edición. |
| Предметы: | |
| Метки: |
Добавить метку
Нет меток, Требуется 1-ая метка записи!
|
MARC
| LEADER | 00000cam a2200000 a 4500 | ||
|---|---|---|---|
| 001 | UCC3901 | ||
| 003 | CL-VaPUC | ||
| 005 | 20241212170040.0 | ||
| 008 | 180622e20160000cl |||||||||||||||||spa|d | ||
| 999 | |c 371549 |d 371547 | ||
| 020 | |a 9789561024670 | ||
| 040 | |c Pontificia Universidad Católica de Valparaíso | ||
| 082 | 0 | 4 | |a 343.83097 CHI 2016 |2 21 |
| 110 | 1 | |a Chile |9 890760 | |
| 245 | 1 | 0 | |a Código Aeronáutico: edición oficial, aprobada por Decreto Exento Nº 3653, de 17 de noviembre de 2015, del Ministerio de Justicia |
| 250 | |a Séptima Edición. | ||
| 260 | |a Santiago, Chile: |b Jurídica, |c 2016 | ||
| 300 | |a 288 páginas | ||
| 505 | |a -Título Preliminar. -Título I. De la infraestructura aeronáutica. -Título II. De la aeronave. -Título III. Del personal aeronáutico. -Título IV. De la circulación aérea. -Título V. De la aeronáutica no comercial. -Título VI. De la aeronáutica comercial. -Título VII. Del explotador. -Título VIII. De los contratos aeronáuticos. -Título IX. De la responsabilidad aeronáutica. -Título X. De la búsqueda, asistencia y salvamento de aeronaves. -Título XI. De la investigación de accidentes e incidentes de aviación. -Título XII. De la autoridad aeronáutica y de las infracciones a la ley y reglamentos aeronáuticos. -Título XIII. De los delitos contra la seguridad de la aviación civil. Apéndice (Actualizado al 8 de febrero de 2018): -Ley N.º 16.752. Fija organización y funciones y establece disposiciones generales a la Dirección General de Aeronáutica Civil. -Decreto Ley N.º 2.564. Dicta normas sobre aviación comercial, modifica los Decretos con Fuerza de Ley números 221, de 1931, y 241, de 1960, y deroga los preceptos que señala. -Decreto con Fuerza de Ley N.º 241. Fusiona y reorganiza diversos servicios relacionados con la Aviación Civil. -Decreto N.º 509 bis. Promulga Convenio de Aviación Civil Internacional (OACI). -Decreto N.º 289. Promulga Convenio Relativo al Reconocimiento Internacional de Derechos sobre Aeronaves. -Decreto N.º 147. Aprueba Convenio para la Represión del Apoderamiento Ilícito de Aeronaves. -Decreto N.º 538. Aprueba Acuerdo Relativo al Transito de los Servicios Aéreos Internacionales. -Decreto N.º 711. Aprueba Convenio sobre las Infracciones y Ciertos Otros Actos Cometidos a Bordo de las Aeronaves. -Decreto N.º 736. Promulga Convenio para la Represión de Actos Ilícitos contra la Seguridad de la Aviación Civil. -Decreto N.º 458. Convenio para la Unificación de Ciertas Reglas Relativas al Transporte Aéreo Internacional de 12 de octubre de 1929, en Varsovia, y al Protocolo que lo modifica de 28 de septiembre de 1955, en la Haya. -Decreto N.º 519. Promulga el Protocolo para la Represión de Actos Ilícitos de Violencia en los Aeropuertos que Presten Servicios a la Aviación Civil Internacional, Complementario del Convenio para la Represión de Actos Ilícitos contra la Seguridad de la Aviación Civil, de 1971. -Decreto Supremo N.º 148. Aprueba Reglamento del Procedimiento Infraccional Aeronáutico (DAR-51). -Decreto N.º 56. Promulga el Convenio para la Unificación de Ciertas Reglas para el Transporte Aéreo Internacional. | ||
| 583 | |a last modification |c 20180622 13:48:00 |k Rodrigo Vera | ||
| 650 | 1 | |a Aeronáutica |x Aspectos jurídicos |z Chile |9 880594 | |
| 650 | 1 | |a Aeronáutica |x Legislación |z Chile |9 880595 | |
| 650 | 1 | |a Derecho aéreo |z Chile |9 880596 | |
| 942 | |c BK |2 ddc | ||
| 945 | |d 20180622 13:48:00 |a dcastane | ||
| 952 | |0 0 |1 0 |3 erb |4 0 |6 343_830970000000000_CHI_2016 |7 0 |8 R |9 488569 |a BIBDER |b BIBDER |i 5478332 |o 343.83097 CHI 2016 |p 5478332 |r 2023-01-25 |w 2019-11-24 |y BK_R |z Catalogado en:20180622 |k DER | ||